000 00637nam a2200229 i 4500
001 C2-0269669
003 PPAK
005 20180728000300.0
008 060809s2004 xx |||| ||||| | tam d
040 _aPPAK
_beng
_cPPAK
_erda
082 0 4 _a808.87
_223
090 0 0 _a808.87
_bSAY
_dG
100 0 _aSayabu Maraikayar,
_eauthor
245 1 0 _aNagaichuvai neram
264 1 _a[place of publication not identified] :
_bGangai Puthaka Nilayam ,
_c2004
300 _a136 pages ;
_c18 cm
336 _2rdacontent
_atext
337 _2rdamedia
_aunmediated
338 _2rdacarrier
_avolume
650 1 0 _aHumour and satire
942 _ddc
_cB
999 _c78323
_d78323